Covadonga (Record no. 10834)

MARC details
000 -LEADER
campo de control de longitud fija 00801nam a2200205 i 4500
001 - NÚMERO DE CONTROL
campo de control 10834
003 - IDENTIFICADOR DE NÚMERO DE CONTROL
campo de control ES-MaACL
005 - FECHA Y HORA DE LA ÚLTIMA TRANSACCIÓN
campo de control 20231222063026.0
007 - CAMPO FIJO DE DESCRIPCIÓN FÍSICA--INFORMACIÓN GENERAL
campo de control de longitud fija t|
008 - DATOS DE LONGITUD FIJA--INFORMACIÓN GENERAL
campo de control de longitud fija 951113s1994 sp ||||1| spa d
080 ## - NÚMERO DE LA CLASIFICACIÓN DECIMAL UNIVERSAL
Número de la Clasificación Decimal Universal 9.460.12
100 1# - ENTRADA PRINCIPAL--NOMBRE DE PERSONA
Nombre de persona García Pérez, Guillermo,
Fechas asociadas al nombre 1942-
9 (RLIN) 55106
245 10 - MENCIÓN DEL TÍTULO
Título Covadonga
Resto del título : un mito nacionalista católico de origen griego /
Mención de responsabilidad, etc. Guillermo García Pérez.
260 ## - PUBLICACIÓN, DISTRIBUCIÓN, ETC.
Lugar de publicación, distribución, etc. Oviedo :
Nombre del editor, distribuidor, etc. El Basilisco,
Fecha de publicación, distribución, etc. 1994.
300 ## - DESCRIPCIÓN FÍSICA
Extensión p. 81-94 :
Otras características físicas il. ;
Dimensiones 30 cm.
500 ## - NOTA GENERAL
Nota general Separata fotocopiada de la Revista "El Basilisco" : Revista de Filosofía, Ciencias Humanas, Teoría de la Ciencia y de la Cultura. Segunda Epoca. Número17. Julio-Diciembre 1994.
651 #4 - PUNTO DE ACCESO ADICIONAL DE MATERIA--NOMBRE GEOGRÁFICO
Nombre geográfico Covadonga-
Subdivisión general Historia.
9 (RLIN) 8088
852 ## - LOCALIZACIÓN
Ubicación ES-MaACL
Número de control de estantería 2151-F-1
Sublocalización o colección R.124391
Holdings
Estatus retirado Estado de pérdida Estado de daño No para préstamo Colección Biblioteca de origen Biblioteca actual Ubicación en estantería Fecha de adquisición Fuente de adquisición Total de préstamos Signatura topográfica completa Código de barras Visto por última vez Precio de reemplazo Tipo de ítem Koha
        Colección de folletos Biblioteca del Ateneo de Madrid Biblioteca del Ateneo de Madrid Depósito folletos 17/01/2008     2151-F-1 1011052 23/02/2023 23/02/2023 Folleto